Capacitar cuadros para diseñar, estructurar y coordinar sistemas a nivel nacional : sección de matemática educativa (Record no. 63650)

MARC details
000 -CABECERA
campo de control de longitud fija 00672nam a2200205 a 4500
005 - FECHA Y HORA DE LA ÚLTIMA TRANSACCIÓN
campo de control 20210219152916.0
008 - ELEMENTOS DE LONGITUD FIJA--INFORMACIÓN GENERAL
campo de control de longitud fija 991125n 000 0 spa u
035 ## - NÚMERO DE CONTROL DEL SISTEMA
Número de control de sistema UPN01000066764
222 #0 - TÍTULO CLAVE
Título clave AVANCE Y PERSPECTIVA
245 00 - MENCIÓN DE TÍTULO
Título Capacitar cuadros para diseñar, estructurar y coordinar sistemas a nivel nacional : sección de matemática educativa
260 ## - PUBLICACIÓN, DISTRIBUCIÓN, ETC.
Lugar de publicación, distribución, etc. Distrito Federal, México
300 ## - DESCRIPCIÓN FÍSICA
Extensión 9-13
362 0# - FECHAS DE PUBLICACIÓN Y/O DESIGNACIÓN SECUENCIAL
Fecha de publicación y/o designación secuencial 1981 Vol. 1, nos. 3-4, feb.-may.
653 0# - TERMINO DE INDIZACION - NO CONTROLADO
Término no controlado CINVESTAV
653 0# - TERMINO DE INDIZACION - NO CONTROLADO
Término no controlado DEPARTAMENTO DE INVESTIGACION EDUCATIVA (MEXICO)
653 0# - TERMINO DE INDIZACION - NO CONTROLADO
Término no controlado LIBRO DE TEXTO GRATUITO
653 0# - TERMINO DE INDIZACION - NO CONTROLADO
Término no controlado MATEMATICA EDUCATIVA
904 ## - ELEMENTOS DE DATOS D LOCAL, LDD (RLIN)
a AC
b 004575
905 ## - TIPO DE MATERIAL
Tipo de material Articulo

No items available.